<?xml version="1.0" encoding="UTF-8"?>
<marc:record xmlns:marc="http://www.loc.gov/MARC21/slim">
   <marc:leader>00000nam a2200000 a 4500</marc:leader>
   <marc:datafield ind1="0" ind2="0" tag="245">
      <marc:subfield code="a">Peppa Pig - Prinzessin Peppa &amp; Sir Schorsch der Mutige [Bildtonträger]</marc:subfield>
   </marc:datafield>
   <marc:datafield ind1="0" ind2="0" tag="245">
      <marc:subfield code="b">10 lustige Abenteuer</marc:subfield>
   </marc:datafield>
   <marc:datafield ind1=" " ind2="1" tag="264">
      <marc:subfield code="b">Universal Pictures Germany GmbH</marc:subfield>
      <marc:subfield code="c">2021</marc:subfield>
   </marc:datafield>
   <marc:datafield ind1="1" ind2=" " tag="490">
      <marc:subfield code="a">Peppa Pig</marc:subfield>
   </marc:datafield>
   <marc:datafield ind1="1" ind2=" " tag="520">
      <marc:subfield code="a">Prinzessin Peppa &amp; Sir Schorsch, der Mutige, und andere Geschichten.Oma und Opa Wutz sind abends zu Besuch bei Mama und Papa Wutz, aber Peppa und Schorsch haben viel zu viel Spass, um schon ins Bett zu gehen. Ausserdem stellen Peppa und Luzie Locke fest, dass Erwachsene ständig arbeiten müssen, und tun es ihnen auf dem Spielplatz gleich. Schnell bemerken sie jedoch, dass Spielen viel mehr Spass macht als Arbeiten.In einer weiteren Geschichte besucht Familie Wutz die örtliche Bücherei, wo Papa Wutz ein Buch zurückgeben möchte, das er zu lange ausgeliehen hat. Erlebe diese und viele weitere lustige Abenteuer mit Peppa, ihrem kleinen Bruder Schorsch, Mama Wutz, Papa Wutz und all ihren Freunden.10 Episoden auf 1 Disc.Episodenübersicht:- Prinzessin Peppa- Spielen und Arbeiten- Der Regenbogen- Pedro hat Husten- In der Bücherei- Das Wohnmobil- Der Campingurlaub- Der Komposthaufen- Linus Löffel kommt zum Spielen- Der Spendenlauf</marc:subfield>
   </marc:datafield>
   <marc:datafield ind1=" " ind2=" " tag="020">
      <marc:subfield code="a">8717418567491</marc:subfield>
      <marc:subfield code="9">8717418567491</marc:subfield>
   </marc:datafield>
   <marc:datafield ind1=" " ind2=" " tag="500">
      <marc:subfield code="a">Orig.: 2018. Sprache: Deutsch (Dolby Digital 2.0)</marc:subfield>
   </marc:datafield>
   <marc:datafield ind1="0" ind2=" " tag="490">
      <marc:subfield code="v">0</marc:subfield>
   </marc:datafield>
   <marc:datafield ind1=" " ind2=" " tag="300">
      <marc:subfield code="a">1 DVD (46 Min.) : farbig</marc:subfield>
   </marc:datafield>
</marc:record>
